Effect of ureate on growth of green mustard under hydroponic condition during the early rainy season,(ឥទ្ធិពលនៃកំរិតជីអ៊ុយរ៉េ លើដំណាំស្ពៃខៀវដំាក្នុងលក្ខខ័ណ្ឌសូលុយស្យុង នៅដើមរដូវវស្សា) (Record no. 662)

000 -LEADER
fixed length control field 00699nam a22001577a 4500
003 - CONTROL NUMBER IDENTIFIER
control field OSt
005 - DATE AND TIME OF LATEST TRANSACTION
control field 20150917151956.0
008 - FIXED-LENGTH DATA ELEMENTS--GENERAL INFORMATION
fixed length control field 150917b xxu||||| |||| 00| 0 eng d
040 ## - CATALOGING SOURCE
Transcribing agency RUA
082 ## - DEWEY DECIMAL CLASSIFICATION NUMBER
Classification number AGR SET 2005 B032 Or.1
100 ## - MAIN ENTRY--PERSONAL NAME
9 (RLIN) 688
Personal name SETH SOVONG
245 ## - TITLE STATEMENT
Title Effect of ureate on growth of green mustard under hydroponic condition during the early rainy season,(ឥទ្ធិពលនៃកំរិតជីអ៊ុយរ៉េ លើដំណាំស្ពៃខៀវដំាក្នុងលក្ខខ័ណ្ឌសូលុយស្យុង នៅដើមរដូវវស្សា)
260 ## - PUBLICATION, DISTRIBUTION, ETC. (IMPRINT)
Place of publication, distribution, etc. phnom penh
Name of publisher, distributor, etc. RUA
Date of publication, distribution, etc. 2005
300 ## - PHYSICAL DESCRIPTION
Extent xiii,54p.
Dimensions ill.
Size of unit 29cm.
942 ## - ADDED ENTRY ELEMENTS (KOHA)
Source of classification or shelving scheme
Koha item type AGR
Holdings
Price effective from Date last seen Permanent Location Not for loan Date acquired Source of classification or shelving scheme Koha item type Lost status Withdrawn status Date last checked out Total Checkouts Shelving location Damaged status Barcode Current Location Full call number
2015-09-172022-02-23Library Block B 2015-09-17 AGR  2022-02-079B032 RUA001229Library Block BAGR SET 2005 B032 Or.1
មជ្ឈមណ្ឌលឯការនៃសាកលវិទ្យាល័យភូមិន្ទកសិកម្មចំការដូង

Powered by Koha